000 00986nam0a22002411 4500
001 rc\721542
005 20031121172915.6
035 _a(NLR Aleph) 005964830
090 _a6884077
_c6884077
100 _a20031121d1999 u |0rusy50 ca
101 0 _arus
102 _aRU
105 _ay |||||||||
200 1 _aВосточный Китай - "локомотив" экономического развития
_fГ.А. Ганшин
210 _aМ.
_cБ. и.
_d1999
215 _a85 с.
_d20
225 1 _aПроблемы экономического развития и сотрудничества в Северо-Восточной Азии
_fРос. акад. наук, Ин-т Дал. Востока, Центр. науч. информ. и документации
_vВып. 11
700 1 _aГаншин
_bГ. А.
_f1925-
_gГеоргий Александрович
801 0 _aRU
_bNLR
_gpsbo
801 1 _aRU
_bELAR
_2rusmarc
852 _aNLR
_jП22/6804
942 _cBOOK
980 _aNB